000 00253nam a22001217a 4500
008 171019b xxu||||| |||| 00| 0 eng d
041 _aeng
080 _a338
100 _a54
101 _aMEN
245 _aORGANIZATIONS
_cBEHAVIOR.S
942 _2udc
_cBK
999 _c34994
_d34994